Instrumentación industrial

Guardat en:
Dades bibliogràfiques
Autor principal: Creus Solé, Antonio (Autor)
Format: Llibre
Idioma:espanyol
Publicat: Bogotá Alfaomega 2002
Edició:6a. ed
Matèries:
Etiquetes: Afegir etiqueta
Sense etiquetes, Sigues el primer a etiquetar aquest registre!

MARC

LEADER 00000nam a2200000 a 4500
001 UCM5682
003 CL-VaPUC
008 021018e20020000CK |||||||||||||||||spa|d
082 0 4 |a 681.2  |b CRE  |2 21 
100 |a Creus Solé, Antonio  |e author  |9 579122 
245 1 0 |a Instrumentación industrial 
250 |a 6a. ed 
300 |a 750 p 
942 |c BK 
945 |d 20021018 00:00:00  |a vberengu 
260 |a Bogotá  |b Alfaomega  |c 2002 
650 7 |a INSTRUMENTOS  |2 CL-VaPUC  |9 354981 
650 0 |a Sistemas de control  |9 263596 
650 7 |a TRANSMISORES  |2 CL-VaPUC  |9 471759 
583 |a last modification  |c 20021018 00:00:00  |k Rodrigo Vera 
999 |c 301542  |d 301540 
952 |0 0  |1 0  |4 0  |6 681_200000000000000_CRE_2002  |7 0  |8 A  |9 360626  |a BIBMEC  |b BIBMEC  |d 2019-11-21  |i 3847527  |l 3  |o 681.2 CRE 2002  |p 3847527  |r 2024-01-19  |s 2022-11-29  |w 2019-11-21  |y BK  |k MEC